| 000 | 03970cam a2200445 i 4500 | ||
|---|---|---|---|
| 001 | 23088005 | ||
| 003 | NUST | ||
| 005 | 20250709160627.0 | ||
| 008 | 230430s2024 nyua b 001 0 eng | ||
| 010 | _a 2023011431 | ||
| 020 |
_a9780197696842 _q(hardback) |
||
| 020 |
_a9780197696859 _q(paperback) |
||
| 020 |
_z9780197696866 _q(epub) |
||
| 035 | _a23088005 | ||
| 040 |
_aLBSOR _beng _erda _cLBSOR _dDLC |
||
| 042 | _apcc | ||
| 050 | 0 | 0 |
_aJZ6374 _b.D54 2024 |
| 082 | 0 | 0 |
_a341.584 _223/eng/20230515 _bDIE 2024 |
| 100 | 1 |
_aDiehl, Paul F. _q(Paul Francis), _eauthor. _9129566 |
|
| 245 | 1 | 0 |
_aWhen peacekeeping missions collide : _bbalancing multiple roles in peace operations / _cPaul F. Diehl, Daniel Druckman, and Grace B. Mueller. |
| 264 | 1 |
_aNew York, NY : _bOxford University Press, _c[2024] |
|
| 300 |
_a297 pages : _billustrations ;photocopy _c25 cm |
||
| 336 |
_atext _btxt _2rdacontent |
||
| 337 |
_aunmediated _bn _2rdamedia |
||
| 338 |
_avolume _bnc _2rdacarrier |
||
| 504 | _aIncludes bibliographical references (pages 257-288) and index. | ||
| 505 | 0 | _aThe puzzle of multiple missions -- Patterns in multi-mission peace operations and theoretical expectations -- Research plan -- Limited mission cases : ONUC and UNPROFOR -- Complex mission cases : UNTAET and MONUC -- The United Nations mission in Sierra Leone (UNAMSIL) -- Conclusions and implications. | |
| 520 |
_a"Most analyses of peacekeeping focus on attempts to limit violent conflict. Yet contemporary peace operations are asked to do much more, including unconventional roles of monitoring elections, facilitating transitions to the rule of law, distributing humanitarian aid, and resolving conflicts in civil societies undergoing transformation. This path-breaking work takes the lid off peace operations to explore missions (e.g., Disarmament, Demobilization, and Reintegration) that go beyond traditional peacekeeping and the ways mission outcomes influence one another. This work begins by documenting patterns of peacekeeping missions in 70 UN operations, noting the dramatic increase in number and diversity since the end of the Cold War and the shift to conflicts with a substantial internal conflict component. The core of the book examines eight expectations about how different missions interact with one another. The expectations are guided by theoretical logics associated with sequencing, compatibility, and multitasking. These are examined in five detailed case studies of UN operations: United Nations Protection Force or UNPROFOR (Bosnia); United Nations Operation in the Congo or ONUC (Congo); United Nations Transitional Administration in East Timor or UNTAET (East Timor); United Nations Organization Mission in the Democratic Republic of the Congo or MONUC (Congo); and the United Nations Mission in Sierra Leone or UNAMSIL (Sierra Leone). The final chapter reviews the findings in terms of their implications for the expectations. It also provides a policy-relevant framework for organizing the various parts and stages of a peace operation, offering a future research agenda on multiple mission peacekeeping"-- _cProvided by publisher. |
||
| 610 | 2 | 0 |
_aUnited Nations _xPeacekeeping forces _vCase studies. _9129567 |
| 650 | 0 |
_aStrategy _vCase studies. _9129568 |
|
| 650 | 0 |
_aConflict management _vCase studies. _9104957 |
|
| 655 | 7 |
_aCase studies. _2lcgft _0https://id.loc.gov/authorities/genreForms/gf2017026140 _914661 |
|
| 700 | 1 |
_aDruckman, Daniel, _d1939- _eauthor. _9129569 |
|
| 700 | 1 |
_aMueller, Grace B., _eauthor. _9129570 |
|
| 776 | 0 | 8 |
_iOnline version: _aDiehl, Paul F. (Paul Francis). _tWhen peacekeeping missions collide _dNew York, NY : Oxford University Press, [2024] _z9780197696866 _w(DLC) 2023011432 |
| 906 |
_a7 _bcbc _corignew _d1 _eecip _f20 _gy-gencatlg |
||
| 942 |
_2ddc _cBK |
||
| 999 |
_c614190 _d614190 |
||